Statistiques concernant Pays ayant le plus de frontières

Cliquez ici pour prendre le quiz!

Statistiques générales

  • Ce quiz a été pris 16 761 fois
    (14 696 depuis la dernière actualisation)
  • Le résultat moyen est 13 sur 20

Statistiques - réponses

FrontièresPays% Correct
14Russie
97%
14Chine
97%
8 (11)France
94%
9Allemagne
87%
9 (10)Brésil
82%
7Inde
82%
9Rép. dém. du Congo
76%
8Autriche
66%
7Pologne
64%
7Iran
64%
7Hongrie
57%
8Turquie
56%
7Ukraine
55%
7Niger
54%
7Mali
53%
7Arabie Saoudite
52%
7Soudan
51%
8Serbie
49%
8Zambie
24%
8Tanzanie
22%

Distribution des résultats

Percentile par nombre de réponses

% des personnes avec chaque résultat

Votre développement - résultats

Vous n’avez pas pris ce quiz depuis la dernière actualisation